| 000 | 01020nam a22002777a 4500 | ||
|---|---|---|---|
| 001 | BR8400120 | ||
| 003 | BR-BrBNA | ||
| 005 | 20230928091839.0 | ||
| 007 | ta | ||
| 008 | 230509b bl.||||| |||| 00| 0 por d | ||
| 040 |
_aBR-BrBNA _bpor _cBiblioteca Nacional de Agricultura |
||
| 041 | _a(Por) | ||
| 072 |
_aF00; E15 _b0150 _b/G514 |
||
| 090 | _ 0150 BR8400120 | ||
| 110 | 1 |
_aFaculdade de Ciencias Agrarias e Veterinarias "Campus" de Jaboticabal, SP (Brasil) _94478 |
|
| 111 | 1 |
_aSimposio sobre a Cultura do Arroz de Sequeiro _cJaboticabal, SP (Brazil) _d25 May 1983 |
|
| 245 | 1 | _aSimposio sobre a Cultura do Arroz de Sequeiro. Aspectos relacionados com a produtividade [Oryza sativa, Brasil] | |
| 246 | 1 | _a[Symposium on upland rice crop. Aspects related to productiveness [Oryza sativa, Brazil]] | |
| 260 | 3 |
_aJaboticabal, SP (Brasil): _c1983. |
|
| 300 | _a279 p. | ||
| 650 | _aARROZ SEQUEIRO | ||
| 650 | _aPRATICA CULTURAL | ||
| 650 | _aPRODUTIVIDADE | ||
| 909 |
_a202309 _bLucia _c55 _dLucia Elande |
||
| 942 | _cBK | ||
| 999 |
_c35859 _d35859 |
||